000 00833nam a2200217Ia 4500
001 12344
003 GE_BSU
008 181216s||||||||xx |||||||||||||| ||und||
040 _cGE_BSU
080 _a581
100 _aЧастухин,В.Я. Николаевская,М.А.
245 _aБиологический распад и ресинтез органических веществ в природе
245 _bЭколого-систематические и физиологические исследования
260 _aЛенинград
260 _bНаука
260 _c1969
300 _a323стр.илл.27см.
653 _aБиологический распад и ресинтез органических веществ в природе
653 _aბიოლოგია
942 _cBK
999 _c45519
_d45519